Rozpravy s geometrií /

Main Author: Vopěnka, Petr, 1935-2015
Language: Czech
Published: Praha : Panorama, 1989
Edition: 1. vyd.
Series: Pyramida (Panorama)
Online Access: Digitalizovaný dokument
Physical Description: 519 s. ; 19 cm
Book
Saved in:
LEADER 01545nam a22004332a 4500
001 000216576
003 CZ BrMZK
005 20140331110858.0
007 ta
008 950101s1989 xr f 000 0 cze d
015 |a cnb000292038 
020 |a 80-7038-031-4  |q (brož.) :  |c Kčs 25,00 
035 |a (OCoLC)24066140 
040 |a ABA001  |b cze  |c ABA001 
072 7 |a 514  |x Geometrie  |2 Konspekt  |9 13 
080 9 |a (0:82-4) 
080 9 |a 514 
080 9 |a 001.11 
080 9 |a 51:165 
100 1 |a Vopěnka, Petr,  |d 1935-2015  |7 jk01150647  |4 aut 
245 1 0 |a Rozpravy s geometrií /  |c Petr Vopěnka 
250 |a 1. vyd. 
260 |a Praha :  |b Panorama,  |c 1989 
300 |a 519 s. ;  |c 19 cm 
490 1 |a Pyramida 
504 |a Obsahuje bibliografii 
650 0 7 |a matematické myšlení  |7 ph122675  |2 czenas 
650 0 7 |a geometrie  |7 ph114624  |x filozofické aspekty  |2 czenas 
655 7 |a úvahy  |7 fd134000  |2 czenas 
830 0 |a Pyramida (Panorama)  |0 s 
856 4 1 |u http://www.digitalniknihovna.cz/mzk/uuid/uuid:867732f0-b95e-11e3-b833-005056827e52  |y Digitalizovaný dokument  |x NDK 
910 |a BOA001  |b 1-0947.711  |b PK-0111.765  |b TK-0243.436 
920 |a 000025784 
920 |a 000202724 
990 |a BK 
991 |b 200708 
996 6 |b 2619917536  |c 1-0947.711  |l MZK  |r Sklad / do 1 hodiny  |n 33  |w 000216576  |u 000010  |a 1  |e BOA001  |j MZK50  |s P 
996 7 |b 2629993106  |c TK-0243.436  |l MZK  |r Sklad / do 24 hodin  |n 24  |w 000216576  |u 000030  |a 1  |e BOA001  |j MZK50  |s A 
996 7 |b 3119995170  |c PK-0111.765  |l MZK  |r Sklad / do 1 hodiny  |n 23  |w 000216576  |u 000020  |a 1  |e BOA001  |j MZK50  |s A